000 01187nmc a2200445 a 4500
003 AR-BaBNM
005 20251128204153.0
008 085019s1987 ||||||||||||||000 | spa||
040 _cAR-BaBNM
100 1 _aAlbornoz, Miguel
245 1 0 _aOrellana
_bel caballero de las Amazonas
260 _aQuito
_bEdiciones del Banco Central del Ecuador
_c1987
300 0 _a219 p.
490 0 _aCentro de investigación y cultura
_vv. 11
504 _aContiene: bibliografía
600 0 4 _aOrellana
600 0 4 _aCarlos
600 1 4 _aPizarro, Fernando
600 1 4 _aPizarro, Gonzalo
600 1 4 _aPizarro, Francisco
600 1 4 _aCortes, Hernan
600 1 4 _aColón, Cristóbal
600 0 4 _aJiménez de Quesada
600 0 4 _aNuñez de Balboa
650 4 _aLITERATURA MEXICANA
650 4 _aLITERATURA LATINOAMERICANA
650 4 _aBIOGRAFIAS
650 4 _aBIOGRAFIAS
650 4 _aDESCUBRIMIENTOS
650 4 _aEXPLORACION
650 4 _aRENACIMIENTO
651 4 _aEcuador
651 4 _aBrasil
651 4 _aAmérica
653 0 _aNOVELA HISTORICA
655 _aLITERATURA
800 1 _aZapater, Irving Iván
_edirector
942 _cBK
998 _cGrace
999 _c6463
_d6463